000 00534nam a2200205Ia 4500
003 GCL
008 140319s9999 xx 000 0 eng d
040 _aGCL /
_cGCL
082 0 4 _a841
_bD P
100 1 _aDESALMAND, PAUL
245 1 0 _a12 POEMES DE BAUDELAIRE: ANALYSES ET COMMENTES /
_cDESALMAND, PAUL
700 1 _aMANGRE, BRUNO
260 _a[S.N] :
_bMARABOUT UNIVERSITE ،
_c1993
300 _a342 P
650 0 4 _aLITERATURE
650 0 4 _aPOEMS
650 0 4 _aBAUDELAIRE
650 0 4 _aFRENCH LITERATURE
942 _2ddc
_cBK
999 _c24910
_d24910